| 000 | 01018cab a2200289 4500 | ||
|---|---|---|---|
| 001 | ABS46903 | ||
| 008 | 090401t1992 xxu||||| |||| 00| 0 eng d | ||
| 035 | _a(Sirsi) u60075 | ||
| 041 | _aeng | ||
| 100 | _aButler, D.J.G. | ||
| 245 | _aAir-conditioning - alternatives to CFCs and HCFCs | ||
| 260 | _c1992 | ||
| 350 | _a0 | ||
| 490 |
_aProperty Journal _v17(4) August 1992, 11-14(4) |
||
| 520 | _aContains details on the timetable for phasing out CFCs and the EC proposals for restricting the use of HCFCs. Also notes possible replacements for these refrigerants. | ||
| 650 | _aBUILT ENVIRONMENT-BUILDING ELEMENTS-COMPLETE BUILDING SERVICES ELEMENTS-COMPLETE HEATING, VENTILATION AND AIR CONDITIONING SYSTEMS | ||
| 650 | _aALTERNATIVES | ||
| 650 | _aCFCS | ||
| 650 | _aEC LEGISLATION | ||
| 650 | _aGREEN ISSUES | ||
| 650 | _aHCFCS | ||
| 650 | _aREFRIGERANTS | ||
| 690 | _aBUILT ENVIRONMENT-BUILDING MATERIALS | ||
| 690 | _aENVIRONMENTAL AND LAND CONSULTANCY | ||
| 942 | _n0 | ||
| 948 | _c04/03/1997 | ||
| 999 |
_c36997 _d36997 |
||